[Event "HUN-chT Csongrad Region"]
[Site "Hungary"]
[Date "2016.04.24"]
[Round "9.3"]
[White "Oravecz, Matyas"]
[Black "Adok, Janos"]
[Result "0-1"]
[WhiteElo "1727"]
[BlackElo "2241"]
[PlyCount "72"]
[EventDate "2015.09.20"]
[EventType "team-tourn"]
[EventRounds "9"]
[EventCountry "HUN"]
[SourceTitle "EXT 2017"]
[Source "ChessBase"]
[SourceDate "2016.10.25"]
[SourceVersion "1"]
[SourceVersionDate "2016.10.25"]
[SourceQuality "1"]

1. b3 d5 2. Bb2 c5 3. e3 Nc6 4. Nf3 Bg4 5. Be2 Nf6 6. 0-0 e6 7. d4 Bd6 8. dxc5 Bxc5 9. c4 dxc4 10. Bxc4 0-0 11. Qxd8 Rfxd8 12. Bxf6 gxf6 13. Nc3 Kg7 14. Rad1 Bb4 15. Ne2 Rac8 16. Nfd4 Nxd4 17. Rxd4 Rxd4 18. Nxd4 e5 19. Nc2 Ba5 20. f3 Be6 21. Bxe6 fxe6 22. Rf2 Bb6 23. Rd2 f5 24. Kf2 Rc3 25. Ke2 Kf6 26. f4 e4 27. Nd4 a6 28. Nc2 Ke7 29. Nd4 h5 30. Nc2 h4 31. Nd4 Bc5 32. g3 h3 33. Nc2 Bb6 34. Nd4 Rc1 35. Rc2 Rh1 36. Kf2 Bxd4 0-1

[Event "HUN-chT Csongrad Region"]
[Site "Hungary"]
[Date "2015.11.15"]
[Round "4.1"]
[White "Adok, Janos"]
[Black "Balla, Tamas Kristof"]
[Result "0-1"]
[WhiteElo "2241"]
[BlackElo "2336"]
[PlyCount "66"]
[EventDate "2015.09.20"]
[EventType "team-tourn"]
[EventRounds "9"]
[EventCountry "HUN"]
[SourceTitle "EXT 2017"]
[Source "ChessBase"]
[SourceDate "2016.10.25"]
[SourceVersion "1"]
[SourceVersionDate "2016.10.25"]
[SourceQuality "1"]

1. Nf3 f5 2. c4 Nf6 3. Nc3 d6 4. d4 g6 5. Bg5 Nbd7 6. Qc2 Bg7 7. Rd1 c6 8. e3 Qa5 9. Be2 e5 10. Bxf6 Nxf6 11. dxe5 dxe5 12. 0-0 e4 13. Nd4 0-0 14. Na4 Bd7 15. a3 Rae8 16. b4 Qc7 17. b5 c5 18. Nb3 b6 19. Nc3 g5 20. Qd2 Be6 21. Qd6 Qf7 22. Nd5 Nxd5 23. cxd5 Bc8 24. Nd2 f4 25. Bc4 Bb7 26. exf4 gxf4 27. f3 e3 28. Ne4 Bd4 29. Rxd4 cxd4 30. Rd1 Qg7 31. Qb4 Rxe4 32. fxe4 f3 33. g3 f2+ 0-1

[Event "HUN-chT Csongrad Region"]
[Site "Hungary"]
[Date "2015.09.27"]
[Round "2.2"]
[White "Vanya, Janos"]
[Black "Adok, Janos"]
[Result "0-1"]
[WhiteElo "1919"]
[BlackElo "2241"]
[PlyCount "88"]
[EventDate "2015.09.20"]
[EventType "team-tourn"]
[EventRounds "9"]
[EventCountry "HUN"]
[SourceTitle "EXT 2017"]
[Source "ChessBase"]
[SourceDate "2016.10.25"]
[SourceVersion "1"]
[SourceVersionDate "2016.10.25"]
[SourceQuality "1"]

1. d4 Nf6 2. c4 e6 3. Nf3 c5 4. e3 d5 5. Nc3 a6 6. b3 cxd4 7. exd4 Bb4 8. Bd2 0-0 9. a3 Bxc3 10. Bxc3 Ne4 11. Bb2 Nc6 12. Qc2 Bd7 13. Bd3 f5 14. 0-0 Rc8 15. Qe2 Na5 16. cxd5 exd5 17. b4 Nc4 18. Ne5 b5 19. Rac1 Be8 20. Rc2 Rf6 21. Bc1 h6 22. Bxc4 bxc4 23. f3 Nd6 24. Ra2 Ba4 25. h3 Nb5 26. Qf2 c3 27. g4 Bb3 28. Ra1 c2 29. Kh1 Nc3 30. g5 Nd1 31. Qg2 hxg5 32. Bxg5 Qd6 33. Rg1 Rc7 34. Bxf6 Qxf6 35. Qd2 Qh4 36. Kg2 f4 37. Kh2 Nf2 38. Kg2 Nxh3 39. Rgf1 Qg3+ 40. Kh1 Ba4 41. Rac1 Bb5 42. Nd3 Bxd3 43. Qxd3 Nf2+ 44. Rxf2 Qxf2 0-1

[Event "HUN-chT2 Toth 0809"]
[Site "Hungary"]
[Date "2009.04.05"]
[Round "10.2"]
[White "Adok, Janos"]
[Black "Sarosi, Zoltan"]
[Result "1/2-1/2"]
[WhiteElo "2245"]
[BlackElo "2362"]
[PlyCount "91"]
[EventDate "2008.10.26"]
[EventType "team-tourn"]
[EventRounds "11"]
[EventCountry "HUN"]
[SourceTitle "EXT 2010"]
[Source "ChessBase"]
[SourceDate "2010.11.25"]
[SourceVersion "1"]
[SourceVersionDate "2010.11.25"]
[SourceQuality "1"]
[WhiteTeam "Vasarhelyi"]
[BlackTeam "Toth Laszlo"]
[WhiteTeamCountry "HUN"]
[BlackTeamCountry "HUN"]

1. d4 Nf6 2. c4 e6 3. Nc3 Bb4 4. Qc2 0-0 5. Bg5 h6 6. Bxf6 Qxf6 7. a3 Bxc3+ 8. Qxc3 c5 9. Nf3 b6 10. Rc1 Bb7 11. dxc5 Qxc3+ 12. Rxc3 bxc5 13. e3 d6 14. Be2 Rd8 15. 0-0 a5 16. Rb3 Bc6 17. Rb6 Ra6 18. Rxa6 Nxa6 19. Rd1 Rd7 20. Rd2 Kf8 21. Ne1 Ke7 22. Bf3 Nb8 23. Kf1 f5 24. Ke2 Rb7 25. Kd1 e5 26. Kc1 e4 27. Be2 g5 28. f4 Bd7 29. g3 Be6 30. Kc2 a4 31. fxg5 hxg5 32. h4 gxh4 33. gxh4 Nd7 34. Ng2 Ne5 35. Nf4 Rb3 36. h5 Nf7 37. Rd1 Kf6 38. Rg1 Ng5 39. Rg3 Bf7 40. h6 Rb8 41. Rg1 Rh8 42. Rh1 Rb8 43. Kc3 Rb3+ 44. Kc2 Bg8 45. Rg1 Bf7 46. Rh1 1/2-1/2

[Event "HUN-chT2 Toth 0809"]
[Site "Hungary"]
[Date "2008.10.26"]
[Round "1.1"]
[White "Papp, Balazs"]
[Black "Adok, Janos"]
[Result "0-1"]
[WhiteElo "2090"]
[BlackElo "2245"]
[PlyCount "68"]
[EventDate "2008.10.26"]
[EventType "team-tourn"]
[EventRounds "11"]
[EventCountry "HUN"]
[SourceTitle "EXT 2010"]
[Source "ChessBase"]
[SourceDate "2010.11.25"]
[SourceVersion "1"]
[SourceVersionDate "2010.11.25"]
[SourceQuality "1"]
[WhiteTeam "Maroczy II"]
[BlackTeam "Vasarhelyi"]
[WhiteTeamCountry "HUN"]
[BlackTeamCountry "HUN"]

1. d4 Nf6 2. c4 e6 3. Nf3 b6 4. Bg5 Bb7 5. e3 h6 6. Bh4 Bb4+ 7. Nbd2 g5 8. Bg3 g4 9. a3 gxf3 10. axb4 fxg2 11. Bxg2 Bxg2 12. Rg1 Bb7 13. Bh4 d6 14. Qa4+ Ke7 15. e4 Nbd7 16. f4 a5 17. b5 Rg8 18. 0-0-0 Rxg1 19. Rxg1 Qh8 20. e5 Rg8 21. Qd1 Rxg1 22. Qxg1 Ke8 23. exf6 Nxf6 24. c5 Bd5 25. f5 exf5 26. Qf2 Be6 27. Qf3 Nd5 28. cxd6 Qxd4 29. dxc7 Qc5+ 30. Kb1 Qxc7 31. Qe2 Qc5 32. Bf2 Qb4 33. Kc1 Qa4 34. Qe3 Nxe3 0-1

[Event "HUN-chT2 Toth 0506"]
[Site "Hungary"]
[Date "2006.02.26"]
[Round "8"]
[White "Molnar, Laszlo1111"]
[Black "Adok, Janos"]
[Result "1/2-1/2"]
[WhiteElo "2075"]
[BlackElo "2260"]
[PlyCount "102"]
[EventDate "2005.10.16"]
[EventType "team"]
[EventRounds "11"]
[EventCountry "HUN"]
[SourceTitle "EXT 2009"]
[Source "ChessBase"]
[SourceDate "2008.11.26"]
[SourceVersion "1"]
[SourceVersionDate "2008.11.26"]
[SourceQuality "1"]
[WhiteTeam "Metroepszolg"]
[BlackTeam "Vasarhelyi"]
[WhiteTeamCountry "HUN"]
[BlackTeamCountry "HUN"]

1. e4 e6 2. d4 d5 3. exd5 exd5 4. Bf4 Bd6 5. Bxd6 Qxd6 6. Bd3 Nf6 7. Ne2 0-0 8. h3 Nc6 9. c3 Ne7 10. Nd2 Bf5 11. Qc2 Bxd3 12. Qxd3 Rfe8 13. 0-0 Ng6 14. Rfe1 Re6 15. Ng3 Nh4 16. Rxe6 Qxe6 17. Nf3 Nxf3+ 18. Qxf3 Re8 19. Qd3 g6 20. Qd2 Kg7 21. Rc1 h6 22. f3 h5 23. Kf2 h4 24. Nf1 Qa6 25. b3 Nh5 26. Re1 Rxe1 27. Kxe1 Qf6 28. Ne3 Nf4 29. Kf1 c6 30. c4 Qg5 31. cxd5 Nxd5 32. Kf2 Nf4 33. Qc3 Qg3+ 34. Kf1 Kg8 35. a4 Nxh3 36. gxh3 Qxf3+ 37. Kg1 Qg3+ 38. Kf1 Qxh3+ 39. Kg1 Qg3+ 40. Kh1 h3 41. Qc1 a5 42. Qg1 Qf4 43. Ng4 Qf3+ 44. Kh2 Qxb3 45. Qe3 Qxe3 46. Nxe3 Kf8 47. Nc4 b5 48. axb5 cxb5 49. Nxa5 Ke7 50. Nc6+ Ke6 51. Nb4 Kf5 1/2-1/2

[Event "HUN-chT2 Toth 0506"]
[Site "Hungary"]
[Date "2005.10.16"]
[Round "1"]
[White "Kopasz, Robert"]
[Black "Adok, Janos"]
[Result "1/2-1/2"]
[WhiteElo "2346"]
[BlackElo "2260"]
[PlyCount "56"]
[EventDate "2005.10.16"]
[EventType "team"]
[EventRounds "11"]
[EventCountry "HUN"]
[SourceTitle "EXT 2009"]
[Source "ChessBase"]
[SourceDate "2008.11.26"]
[SourceVersion "1"]
[SourceVersionDate "2008.11.26"]
[SourceQuality "1"]
[WhiteTeam "Vasarhelyi"]
[BlackTeam "Maroczy"]
[WhiteTeamCountry "HUN"]
[BlackTeamCountry "HUN"]

1. Nf3 g6 2. c4 Bg7 3. d4 d6 4. g3 Nd7 5. Bg2 e5 6. Nc3 Ne7 7. 0-0 0-0 8. Bg5 f6 9. Be3 Nf5 10. Qd2 Re8 11. dxe5 Nxe3 12. Qxe3 fxe5 13. Ng5 Nf6 14. h4 h6 15. Nge4 Ng4 16. Qd3 Be6 17. Rad1 Qe7 18. b3 Rab8 19. Nd5 Qf7 20. Bh3 Rbd8 21. f3 Nf6 22. Nexf6+ Bxf6 23. Bxe6 Rxe6 24. Qe3 g5 25. Nxf6+ Qxf6 26. hxg5 Qxg5 27. Qxg5+ hxg5 28. e4 Rf8 1/2-1/2

[Event "HUN-chT2 Maroczy 0405"]
[Site "Hungary"]
[Date "2005.04.10"]
[Round "10"]
[White "Adok, Janos"]
[Black "Keschitz, Gyorgy"]
[Result "1/2-1/2"]
[WhiteElo "2263"]
[BlackElo "2204"]
[PlyCount "32"]
[EventDate "2004.09.26"]
[EventType "team"]
[EventRounds "11"]
[EventCountry "HUN"]
[SourceTitle "EXT 2008"]
[Source "ChessBase"]
[SourceDate "2007.11.25"]
[SourceVersion "1"]
[SourceVersionDate "2007.11.25"]
[SourceQuality "1"]
[WhiteTeam "Hodmezovasarhely"]
[BlackTeam "BEAC II"]
[WhiteTeamCountry "HUN"]
[BlackTeamCountry "HUN"]

1. Nf3 c5 2. c4 Nc6 3. g3 g6 4. Bg2 Bg7 5. Nc3 d6 6. d3 e5 7. Bg5 f6 8. Be3 Nge7 9. Nd2 Be6 10. Nde4 f5 11. Ng5 Bg8 12. h4 h6 13. Nh3 Qd7 14. a3 Be6 15. f4 0-0 16. 0-0 Nd4 1/2-1/2

[Event "HUN-chT2 Maroczy 0405"]
[Site "Hungary"]
[Date "2004.11.21"]
[Round "3"]
[White "Bencze, Laszlo"]
[Black "Adok, Janos"]
[Result "1/2-1/2"]
[WhiteElo "2297"]
[BlackElo "2263"]
[PlyCount "99"]
[EventDate "2004.09.26"]
[EventType "team"]
[EventRounds "11"]
[EventCountry "HUN"]
[SourceTitle "EXT 2008"]
[Source "ChessBase"]
[SourceDate "2007.11.25"]
[SourceVersion "1"]
[SourceVersionDate "2007.11.25"]
[SourceQuality "1"]
[WhiteTeam "Dunaharaszti"]
[BlackTeam "Hodmezovasarhely"]
[WhiteTeamCountry "HUN"]
[BlackTeamCountry "HUN"]

1. Nf3 Nf6 2. c4 c5 3. g3 Nc6 4. Bg2 d5 5. 0-0 e5 6. cxd5 Nxd5 7. d3 Be7 8. Nc3 Nc7 9. Be3 0-0 10. Na4 b6 11. Ne1 Bd7 12. Nc3 Rc8 13. f4 exf4 14. gxf4 Nd4 15. Bf2 Bg4 16. Qd2 f5 17. e3 Ndb5 18. Qc2 Nxc3 19. bxc3 Kh8 20. a4 Bf6 21. e4 fxe4 22. dxe4 Ne6 23. e5 Be7 24. Bg3 Nd4 25. Qb2 Ne2+ 26. Kh1 Qe8 27. Bf3 Bxf3+ 28. Rxf3 Nxg3+ 29. hxg3 Rc6 30. c4 Rh6+ 31. Kg1 Qc6 32. Qc2 Rd8 33. a5 g5 34. fxg5 Bxg5 35. Qg2 Qe6 36. axb6 Qxe5 37. Nc2 axb6 38. Qf2 Rf6 39. Re1 Rxf3 40. Qxf3 Qd6 41. Kg2 Qg6 42. Re2 Rg8 43. Ne1 Bh4 44. Qc3+ Bf6 45. Qf3 Bd4 46. Nd3 Qg7 47. Re6 Rf8 48. Qe4 Rg8 49. Qf3 Rf8 50. Qe4 1/2-1/2

[Event "HUN-chT2 Maroczy 0405"]
[Site "Hungary"]
[Date "2004.10.10"]
[Round "2"]
[White "Adok, Janos"]
[Black "Khechumyan, Gagik"]
[Result "1/2-1/2"]
[WhiteElo "2263"]
[BlackElo "2284"]
[PlyCount "103"]
[EventDate "2004.09.26"]
[EventType "team"]
[EventRounds "11"]
[EventCountry "HUN"]
[SourceTitle "EXT 2008"]
[Source "ChessBase"]
[SourceDate "2007.11.25"]
[SourceVersion "1"]
[SourceVersionDate "2007.11.25"]
[SourceQuality "1"]
[WhiteTeam "Hodmezovasarhely"]
[BlackTeam "Penzugyor"]
[WhiteTeamCountry "HUN"]
[BlackTeamCountry "HUN"]

1. c4 e5 2. Nc3 Nf6 3. Nf3 Nc6 4. e3 Bc5 5. a3 a5 6. d4 Bd6 7. c5 Bf8 8. Nxe5 d6 9. Nxc6 bxc6 10. cxd6 cxd6 11. Be2 d5 12. Qc2 Be7 13. Bd2 0-0 14. 0-0 Re8 15. Rab1 Bd6 16. b4 Ng4 17. Bxg4 Bxg4 18. f4 Qf6 19. Rb2 Bf5 20. Qc1 Bd3 21. Re1 Re6 22. Nd1 Bb5 23. Nf2 h5 24. Qd1 axb4 25. axb4 Rae8 26. Rb1 g6 27. g3 Ra8 28. Ra1 Rb8 29. Qc2 Re7 30. Reb1 Reb7 31. Bc3 Bc4 32. Qd2 Qe7 33. Kg2 Bxb4 34. Bxb4 Rxb4 35. Rxb4 Qxb4 36. Qxb4 Rxb4 37. Ra8+ Kg7 38. Rc8 Bb5 39. g4 hxg4 40. Nxg4 Bd3 41. Rxc6 Rb2+ 42. Kg3 Be4 43. h3 Rg2+ 44. Kh4 Bf5 45. Rc7 Be6 46. Ra7 Rb2 47. Ra3 Rg2 48. Ra7 Re2 49. Ra3 Rg2 50. Ra7 Rg1 51. Ra3 Rg2 52. Ra7 1/2-1/2

[Event "HUN-chT2 Maroczy 0304"]
[Site "Hungary"]
[Date "2004.02.08"]
[Round "7"]
[White "Adok, Janos"]
[Black "Deak, Sandor"]
[Result "0-1"]
[WhiteElo "2277"]
[BlackElo "2318"]
[PlyCount "48"]
[EventDate "2003.09.28"]
[EventType "team"]
[EventRounds "11"]
[EventCountry "HUN"]
[SourceTitle "EXT 2005"]
[Source "ChessBase"]
[SourceDate "2004.11.15"]
[SourceVersion "1"]
[SourceVersionDate "2004.11.15"]
[SourceQuality "1"]

1. c4 e5 2. Nc3 f5 3. g3 Nf6 4. Bg2 Nc6 5. d3 Bc5 6. e3 0-0 7. Nge2 a5 8. a3 d6 9. 0-0 Qe8 10. Rb1 Qh5 11. d4 Ba7 12. f4 exd4 13. exd4 Bd7 14. Qd3 Rae8 15. Bd2 Rf7 16. Rbe1 Rfe7 17. Bf3 Ng4 18. h4 Qg6 19. Nd5 Re4 20. Bxe4 fxe4 21. Qc3 Nh6 22. Ne3 Bg4 23. Nxg4 Qxg4 24. Be3 Nf5 0-1

[Event "HUN-chT2 Maroczy 0304"]
[Site "Hungary"]
[Date "2003.09.28"]
[Round "1"]
[White "Hajnal, Zoltan"]
[Black "Adok, Janos"]
[Result "1-0"]
[WhiteElo "2403"]
[BlackElo "2277"]
[PlyCount "87"]
[EventDate "2003.09.28"]
[EventType "team"]
[EventRounds "11"]
[EventCountry "HUN"]
[SourceTitle "EXT 2005"]
[Source "ChessBase"]
[SourceDate "2004.11.15"]
[SourceVersion "1"]
[SourceVersionDate "2004.11.15"]
[SourceQuality "1"]

1. e4 e6 2. d4 d5 3. Nc3 Nf6 4. e5 Nfd7 5. f4 c5 6. Nf3 Nc6 7. Be3 a6 8. Qd2 b5 9. dxc5 Bxc5 10. Bxc5 Nxc5 11. Qf2 Qe7 12. Bd3 Nxd3+ 13. cxd3 Qa7 14. Qxa7 Rxa7 15. Ne2 Bd7 16. Ned4 Ke7 17. Nxc6+ Bxc6 18. Nd4 Rc8 19. Kd2 Rac7 20. Rac1 b4 21. Rc2 Ba4 22. b3 Bd7 23. Rhc1 Kd8 24. Ke3 a5 25. g4 g6 26. Rxc7 Rxc7 27. Rg1 h6 28. Kd2 Ke7 29. Rg3 Rc8 30. h4 Rg8 31. Rg1 Rc8 32. Rh1 Kf8 33. Rg1 Ke7 34. Rh1 Kf8 35. h5 Kg7 36. hxg6 fxg6 37. f5 gxf5 38. gxf5 exf5 39. e6 Be8 40. Nxf5+ Kf6 41. Nd6 Rd8 42. Rxh6+ Ke5 43. e7 Rxd6 44. d4+ 1-0

[Event "HUN-chT2 Maroczy 0203"]
[Site "Hungary"]
[Date "2003.03.02"]
[Round "8.2"]
[White "Erdelyi, Zombor"]
[Black "Adok, Janos"]
[Result "0-1"]
[WhiteElo "2244"]
[BlackElo "2263"]
[PlyCount "62"]
[EventDate "2002.09.22"]
[EventType "team"]
[EventRounds "11"]
[EventCountry "HUN"]
[SourceTitle "EXT 2004"]
[Source "ChessBase"]
[SourceDate "2003.11.25"]
[SourceVersion "1"]
[SourceVersionDate "2003.11.25"]
[SourceQuality "1"]
[WhiteTeam "Foti"]
[BlackTeam "Vasarhelyi"]
[WhiteTeamCountry "HUN"]
[BlackTeamCountry "HUN"]

1. e4 e6 2. d4 d5 3. e5 c5 4. c3 Nc6 5. Nf3 f5 6. dxc5 Bxc5 7. b4 Bb6 8. Na3 Nge7 9. Bd3 Ng6 10. Qe2 Bc7 11. Bg5 Qd7 12. 0-0 0-0 13. Bb5 a6 14. Bxc6 bxc6 15. c4 f4 16. h4 Rf5 17. cxd5 cxd5 18. g4 fxg3 19. fxg3 Nxe5 20. Nd4 Rxf1+ 21. Rxf1 Nf7 22. Nac2 Bxg3 23. Qf3 Bd6 24. Nc6 Nxg5 25. hxg5 Bb7 26. N6d4 Rf8 27. Qg4 Rxf1+ 28. Kxf1 Bc8 29. Ne3 Bxb4 30. g6 hxg6 31. Kg2 Bc5 0-1

[Event "HUN-chT2 Maroczy 0304"]
[Site "Hungary"]
[Date "2003.02.22"]
[Round "8"]
[White "Hera, Imre Jr"]
[Black "Adok, Janos"]
[Result "1/2-1/2"]
[WhiteElo "2333"]
[BlackElo "2277"]
[PlyCount "41"]
[EventDate "2003.09.28"]
[EventType "team"]
[EventRounds "11"]
[EventCountry "HUN"]
[SourceTitle "EXT 2005"]
[Source "ChessBase"]
[SourceDate "2004.11.15"]
[SourceVersion "1"]
[SourceVersionDate "2004.11.15"]
[SourceQuality "1"]

1. Nf3 c5 2. e4 e6 3. d3 Nc6 4. g3 d6 5. Bg2 Nge7 6. 0-0 g6 7. d4 Bg7 8. c3 0-0 9. Na3 b6 10. Re1 e5 11. dxc5 dxc5 12. Qe2 a6 13. Be3 Qc7 14. Rec1 Nd8 15. b4 Ne6 16. Ng5 Nxg5 17. Bxg5 Be6 18. Qe3 f6 19. Bh6 Bxh6 20. Qxh6 Rfd8 21. Bh3 1/2-1/2

[Event "HUN-chT2 Maroczy 0203"]
[Site "Hungary"]
[Date "2003.02.02"]
[Round "6.2"]
[White "Gonda, Laszlo"]
[Black "Adok, Janos"]
[Result "1/2-1/2"]
[WhiteElo "2309"]
[BlackElo "2263"]
[PlyCount "64"]
[EventDate "2002.09.22"]
[EventType "team"]
[EventRounds "11"]
[EventCountry "HUN"]
[SourceTitle "EXT 2004"]
[Source "ChessBase"]
[SourceDate "2003.11.25"]
[SourceVersion "1"]
[SourceVersionDate "2003.11.25"]
[SourceQuality "1"]
[WhiteTeam "Dunaharaszti"]
[BlackTeam "Vasarhelyi"]
[WhiteTeamCountry "HUN"]
[BlackTeamCountry "HUN"]

1. e4 e6 2. d4 d5 3. Nc3 dxe4 4. Nxe4 Bd7 5. Nf3 Bc6 6. Bd3 Bxe4 7. Bxe4 c6 8. Qe2 Nf6 9. Bd3 Bd6 10. Bd2 Nbd7 11. 0-0 Qe7 12. Ne5 0-0-0 13. c4 c5 14. Nxd7 Rxd7 15. dxc5 Bxc5 16. Bc2 Rhd8 17. Bc3 Bd4 18. Ba4 Rc7 19. Ba5 b6 20. Be1 Qc5 21. Rc1 Qe5 22. Qxe5 Bxe5 23. b4 Ne4 24. f3 Nd2 25. Bxd2 Rxd2 26. Bb3 Bd4+ 27. Kh1 Bf2 28. g3 a5 29. bxa5 bxa5 30. Rfd1 Rcd7 31. Rxd2 Rxd2 32. Rc2 Rxc2 1/2-1/2

[Event "HUN-chT3 0102"]
[Site "Hungary"]
[Date "2002.04.21"]
[Round "11"]
[White "Adok, Janos"]
[Black "Ortel, Endre"]
[Result "1/2-1/2"]
[WhiteElo "2263"]
[BlackElo "2315"]
[PlyCount "51"]
[EventDate "2001.09.30"]
[EventType "team"]
[EventRounds "11"]
[EventCountry "HUN"]
[SourceTitle "EXT 2004"]
[Source "ChessBase"]
[SourceDate "2003.11.25"]
[SourceVersion "1"]
[SourceVersionDate "2003.11.25"]
[SourceQuality "1"]

1. c4 c5 2. Nf3 Nf6 3. Nc3 e6 4. e3 Be7 5. d4 cxd4 6. exd4 d5 7. c5 b6 8. Bb5+ Bd7 9. Bxd7+ Nbxd7 10. c6 Nb8 11. Qa4 0-0 12. Bf4 Bd6 13. Bxd6 Qxd6 14. Ne5 Rc8 15. Nb5 Qe7 16. c7 Na6 17. Qxa6 Qb4+ 18. Kf1 Qxb2 19. Re1 Ne4 20. Rxe4 dxe4 21. g3 e3 22. fxe3 Qd2 23. a4 Qd1+ 24. Kg2 Qe2+ 25. Kh3 Qh5+ 26. Kg2 1/2-1/2

[Event "HUN-chT3 0102"]
[Site "Hungary"]
[Date "2001.11.18"]
[Round "3.2"]
[White "Csomos, Roland"]
[Black "Adok, Janos"]
[Result "1/2-1/2"]
[WhiteElo "2213"]
[BlackElo "2263"]
[PlyCount "42"]
[EventDate "2001.09.30"]
[EventType "team"]
[EventRounds "11"]
[EventCountry "HUN"]
[SourceTitle "EXT 2004"]
[Source "ChessBase"]
[SourceDate "2003.11.25"]
[SourceVersion "1"]
[SourceVersionDate "2003.11.25"]
[SourceQuality "1"]

1. d4 e6 2. Nf3 d5 3. c4 c6 4. cxd5 exd5 5. Nc3 Bf5 6. Bf4 Qb6 7. Qd2 Nd7 8. e3 Ngf6 9. a3 Be7 10. Be2 h6 11. h3 Ne4 12. Nxe4 Bxe4 13. 0-0 0-0 14. Ne5 Nxe5 15. Bxe5 Rad8 16. Rac1 Bd6 17. f4 f6 18. Bxd6 Rxd6 19. f5 Rd7 20. b4 a6 21. Rf4 Re7 1/2-1/2

[Event "HUN-chT3 0102"]
[Site "Hungary"]
[Date "2001.09.30"]
[Round "1.2"]
[White "Pallos, Laszlo"]
[Black "Adok, Janos"]
[Result "0-1"]
[WhiteElo "2187"]
[BlackElo "2263"]
[PlyCount "72"]
[EventDate "2001.09.30"]
[EventType "team"]
[EventRounds "11"]
[EventCountry "HUN"]
[SourceTitle "EXT 2004"]
[Source "ChessBase"]
[SourceDate "2003.11.25"]
[SourceVersion "1"]
[SourceVersionDate "2003.11.25"]
[SourceQuality "1"]

1. d4 d5 2. Nf3 Bf5 3. e3 e6 4. Bd3 c6 5. 0-0 Nf6 6. b3 Nbd7 7. Bb2 Bd6 8. Nbd2 Ne4 9. Qe2 Qc7 10. c4 0-0 11. h3 h6 12. a3 Rfe8 13. b4 Rac8 14. c5 Bf8 15. a4 g5 16. b5 Bg7 17. Rab1 Ndxc5 18. Bxe4 Nxe4 19. Nxe4 Bxe4 20. Ra1 Qb8 21. Ne5 Bxe5 22. dxe5 cxb5 23. Qh5 Kg7 24. h4 Bg6 25. Qg4 Rc4 26. Bd4 bxa4 27. hxg5 hxg5 28. f4 Qd8 29. fxg5 b6 30. Rf6 Qe7 31. Raf1 a3 32. R6f3 a2 33. Rh3 Rh8 34. Rxh8 Kxh8 35. Qh4+ Kg8 36. Rf3 a1Q+ 0-1

[Event "HUN-chT3 0001"]
[Site "Hungary"]
[Date "2001.02.25"]
[Round "7.1"]
[White "Adok, Janos"]
[Black "Pal, Imre"]
[Result "1-0"]
[WhiteElo "2242"]
[BlackElo "2211"]
[PlyCount "81"]
[EventDate "2000.10.29"]
[EventType "team"]
[EventRounds "11"]
[EventCountry "HUN"]
[SourceTitle "EXT 2007"]
[Source "ChessBase"]
[SourceDate "2006.11.23"]
[SourceVersion "1"]
[SourceVersionDate "2006.11.23"]
[SourceQuality "1"]

1. c4 e5 2. Nc3 Nc6 3. g3 g6 4. Bg2 Bg7 5. e3 f5 6. d3 Nf6 7. Nge2 0-0 8. 0-0 d6 9. a3 a5 10. Rb1 Be6 11. Nd5 Rb8 12. Nec3 Ne7 13. b4 axb4 14. Rxb4 c6 15. Nxe7+ Qxe7 16. Qb3 Qc7 17. a4 Nd7 18. Bd2 Nc5 19. Qc2 Rbe8 20. Rfb1 Bc8 21. Ne2 g5 22. e4 f4 23. f3 g4 24. gxf4 gxf3 25. Bxf3 exf4 26. Kh1 Ne6 27. Rg1 c5 28. Rbb1 Kh8 29. Bc3 Be5 30. Qb2 Rg8 31. Bg4 Rxg4 32. Bxe5+ dxe5 33. Rxg4 Nd4 34. Rgg1 f3 35. Nxd4 exd4 36. Rg3 Rf8 37. Rf1 Qf4 38. Qb6 f2 39. Qxc5 Bg4 40. Rxg4 Qf3+ 41. Rg2 1-0

[Event "HUN-chT3 0001"]
[Site "Hungary"]
[Date "2000.11.12"]
[Round "2.1"]
[White "Borsi, Imre"]
[Black "Adok, Janos"]
[Result "1/2-1/2"]
[WhiteElo "2223"]
[BlackElo "2242"]
[PlyCount "29"]
[EventDate "2000.10.29"]
[EventType "team"]
[EventRounds "11"]
[EventCountry "HUN"]
[SourceTitle "EXT 2007"]
[Source "ChessBase"]
[SourceDate "2006.11.23"]
[SourceVersion "1"]
[SourceVersionDate "2006.11.23"]
[SourceQuality "1"]

1. d4 e6 2. c4 Nf6 3. Nc3 Bb4 4. Bg5 h6 5. Bh4 c5 6. d5 exd5 7. cxd5 d6 8. f3 Nbd7 9. e4 0-0 10. Nh3 Qa5 11. Qc2 Re8 12. Be2 a6 13. 0-0 b5 14. a4 Bxc3 15. bxc3 1/2-1/2